[Event "Oberliga NRW 2324"]
[Site "Germany"]
[Date "2024.04.07"]
[Round "8.3"]
[White "Jens, Jelmer"]
[Black "Jugelt, Tobias"]
[Result "0-1"]
[WhiteElo "2358"]
[BlackElo "2351"]
[PlyCount "106"]
[EventDate "2023.09.03"]
[EventType "team-tourn"]
[EventRounds "9"]
[EventCountry "GER"]
[SourceTitle "EXT 2025"]
[Source "ChessBase"]
[SourceDate "2024.10.14"]
[SourceVersion "1"]
[SourceVersionDate "2024.10.14"]
[SourceQuality "1"]
[WhiteTeam "Erkenschwick"]
[BlackTeam "Bochum SV"]
[WhiteTeamCountry "GER"]
[BlackTeamCountry "GER"]

1. e4 d5 2. exd5 Qxd5 3. Nc3 Qe5+ 4. Be2 Bg4 5. f3 Bd7 6. d4 Qa5 7. f4 Nf6 8. Nf3 g6 9. Ne5 Be6 10. Bd2 c6 11. Ne4 Qd5 12. Ng5 Qxd4 13. Nxe6 fxe6 14. Ba5 Qd5 15. Bc3 Bg7 16. 0-0 Qxd1 17. Raxd1 Nd5 18. Bd4 0-0 19. Bg4 Nc7 20. g3 Nba6 21. c4 Rfd8 22. a3 c5 23. Bc3 Rd6 24. Kf2 Rad8 25. Ke2 Nb8 26. b4 cxb4 27. axb4 Nc6 28. b5 Nd4+ 29. Kf2 h5 30. Bh3 Ndxb5 31. Rxd6 exd6 32. cxb5 dxe5 33. fxe5 Rd5 34. b6 axb6 35. Re1 Kf7 36. Ke3 Bxe5 37. Rf1+ Ke7 38. Bb4+ Bd6 39. Bc3 Rb5 40. Bf6+ Kd7 41. Bg7 h4 42. Rd1 hxg3 43. hxg3 Rb3+ 44. Ke4 Ke7 45. Bf1 Ne8 46. Bh8 Bxg3 47. Bd3 Nd6+ 48. Kf3 Nf7 49. Bd4 Be5 50. Be3 Bd6 51. Ke2 Rb2+ 52. Kf1 Bc5 53. Bd2 g5 0-1

[Event "BEL-chT 2324"]
[Site "Belgium"]
[Date "2024.03.24"]
[Round "10.3"]
[White "Jens, Jelmer"]
[Black "Goossens, Roel"]
[Result "1/2-1/2"]
[WhiteElo "2378"]
[BlackElo "2322"]
[PlyCount "39"]
[EventDate "2023.09.24"]
[EventType "team-tourn"]
[EventRounds "11"]
[EventCountry "BEL"]
[SourceTitle "EXT 2025"]
[Source "ChessBase"]
[SourceDate "2024.10.14"]
[SourceVersion "1"]
[SourceVersionDate "2024.10.14"]
[SourceQuality "1"]
[WhiteTeam "Namur"]
[BlackTeam "Leuven Centraal"]
[WhiteTeamCountry "BEL"]
[BlackTeamCountry "BEL"]

1. e4 e5 2. Bc4 Nf6 3. d3 c6 4. Nf3 Be7 5. 0-0 d6 6. Nbd2 0-0 7. Re1 b5 8. Bb3 Nbd7 9. c3 a5 10. d4 a4 11. Bc2 Re8 12. Nf1 Bf8 13. Ng3 Qc7 14. h3 c5 15. d5 c4 16. Nh2 Nc5 17. Qf3 Qd8 18. Nf5 Bxf5 19. Qxf5 Be7 20. g3 1/2-1/2

[Event "Oberliga NRW 2324"]
[Site "Germany"]
[Date "2024.03.10"]
[Round "7.4"]
[White "Wessendorf, Thomas"]
[Black "Jens, Jelmer"]
[Result "0-1"]
[WhiteElo "2270"]
[BlackElo "2365"]
[PlyCount "66"]
[EventDate "2023.09.03"]
[EventType "team-tourn"]
[EventRounds "9"]
[EventCountry "GER"]
[SourceTitle "EXT 2025"]
[Source "ChessBase"]
[SourceDate "2024.10.14"]
[SourceVersion "1"]
[SourceVersionDate "2024.10.14"]
[SourceQuality "1"]
[WhiteTeam "Essen Katernberg"]
[BlackTeam "Erkenschwick"]
[WhiteTeamCountry "GER"]
[BlackTeamCountry "GER"]

1. e4 c5 2. Nf3 d6 3. Bc4 Nf6 4. Qe2 Nc6 5. c3 Bg4 6. h3 Bxf3 7. Qxf3 g6 8. d3 Bg7 9. Nd2 0-0 10. Bb3 b5 11. 0-0 a5 12. a3 Qc7 13. Qe3 Nd7 14. Nf3 Qb6 15. Bd2 e6 16. Kh1 Rab8 17. Rab1 Rfc8 18. Ng5 Re8 19. f4 c4 20. dxc4 Nc5 21. Bc2 bxc4 22. Qg3 f6 23. Nf3 f5 24. Be3 Qb5 25. a4 Nxa4 26. Nd4 Nxd4 27. Bxd4 e5 28. fxe5 dxe5 29. exf5 exd4 30. f6 Rb7 31. fxg7 d3 32. Rf8+ Kxg7 33. Rxe8 dxc2 0-1

[Event "NED-chT 2324"]
[Site "Netherlands"]
[Date "2024.03.02"]
[Round "7.9"]
[White "Jens, Jelmer"]
[Black "Hilwerda, Jonas"]
[Result "0-1"]
[WhiteElo "2394"]
[BlackElo "2258"]
[PlyCount "104"]
[EventDate "2023.09.16"]
[EventType "team-tourn"]
[EventRounds "9"]
[EventCountry "NED"]
[SourceTitle "EXT 2025"]
[Source "ChessBase"]
[SourceDate "2024.10.14"]
[SourceVersion "1"]
[SourceVersionDate "2024.10.14"]
[SourceQuality "1"]
[WhiteTeam "Leiden IntelliMagic"]
[BlackTeam "Groningen Combinatie"]
[WhiteTeamCountry "NED"]
[BlackTeamCountry "NED"]

1. e4 c5 2. Nf3 Nc6 3. Bb5 g6 4. Bxc6 dxc6 5. d3 Bg7 6. h3 Nf6 7. Nc3 Nd7 8. Be3 e5 9. Qd2 h6 10. 0-0 b6 11. Nh2 Nf8 12. f4 exf4 13. Bxf4 Ne6 14. Bg3 Qg5 15. Qe1 Nd4 16. Rc1 0-0 17. e5 f5 18. exf6 Rxf6 19. Rxf6 Qxf6 20. Qe8+ Kh7 21. Re1 Qf8 22. Re7 Be6 23. Qxf8 Rxf8 24. Rxa7 Nxc2 25. Nf3 Rf7 26. Ra6 Rb7 27. a3 Bd5 28. Ne5 Nd4 29. Nc4 Bxc4 30. dxc4 Nf5 31. Be1 Bd4+ 32. Kh2 Re7 33. Bg3 Ne3 34. Bd6 Nf1+ 35. Kh1 Re1 36. Ra7+ Kg8 37. Ra8+ Kf7 38. g4 Ne3+ 39. Kh2 Nxc4 40. Ra7+ Kf6 41. Bc7 Rc1 42. Ne4+ Ke6 43. b3 Rc2+ 44. Kg3 Kd5 45. Kf3 Nd2+ 46. Nxd2 Rxd2 47. Bxb6 Rd3+ 48. Kg2 Rxb3 49. Bd8 c4 50. Rd7+ Ke4 51. a4 c3 52. Re7+ Kd3 0-1

[Event "Oberliga NRW 2324"]
[Site "Germany"]
[Date "2024.01.28"]
[Round "5.4"]
[White "Proettel, Swen"]
[Black "Jens, Jelmer"]
[Result "1/2-1/2"]
[WhiteElo "2137"]
[BlackElo "2378"]
[PlyCount "41"]
[EventDate "2023.09.03"]
[EventType "team-tourn"]
[EventRounds "9"]
[EventCountry "GER"]
[SourceTitle "EXT 2025"]
[Source "ChessBase"]
[SourceDate "2024.10.14"]
[SourceVersion "1"]
[SourceVersionDate "2024.10.14"]
[SourceQuality "1"]
[WhiteTeam "Muelheim Nord II"]
[BlackTeam "Erkenschwick"]
[WhiteTeamCountry "GER"]
[BlackTeamCountry "GER"]

1. e4 c5 2. Nc3 Nc6 3. f4 g6 4. Nf3 Bg7 5. Bb5 Nd4 6. Bd3 d6 7. Nxd4 cxd4 8. Ne2 Nf6 9. Nxd4 Nxe4 10. Bxe4 Bxd4 11. c3 Bg7 12. Qf3 Rb8 13. 0-0 b5 14. d4 b4 15. f5 0-0 16. Bg5 bxc3 17. bxc3 Rb2 18. Rae1 Ba6 19. Bd3 Bb7 20. Be4 Ba6 21. Bd3 1/2-1/2

[Event "NED-chT 2324"]
[Site "Netherlands"]
[Date "2023.11.04"]
[Round "3.5"]
[White "Lammens, Tim"]
[Black "Jens, Jelmer"]
[Result "1/2-1/2"]
[WhiteElo "2234"]
[BlackElo "2394"]
[PlyCount "81"]
[EventDate "2023.09.16"]
[EventType "team-tourn"]
[EventRounds "9"]
[EventCountry "NED"]
[SourceTitle "EXT 2025"]
[Source "ChessBase"]
[SourceDate "2024.10.14"]
[SourceVersion "1"]
[SourceVersionDate "2024.10.14"]
[SourceQuality "1"]
[WhiteTeam "Apeldoorn"]
[BlackTeam "Leiden IntelliMagic"]
[WhiteTeamCountry "NED"]
[BlackTeamCountry "NED"]

1. c4 f5 2. Nf3 Nf6 3. Nc3 g6 4. d4 Bg7 5. b4 0-0 6. Bb2 c6 7. e3 d5 8. Qb3 Kh8 9. cxd5 cxd5 10. Bd3 Be6 11. Ne2 Bg8 12. Nf4 Ne4 13. h4 Bf6 14. Ne5 Nd7 15. f3 Nd6 16. Qd1 Nc4 17. Bxc4 dxc4 18. Qc2 Rc8 19. Bc3 Qc7 20. Qb2 Nb6 21. a4 Nd5 22. Nxd5 Bxd5 23. Qc2 Kg8 24. 0-0-0 Rcd8 25. h5 Bxe5 26. dxe5 Be6 27. Qf2 g5 28. h6 Rxd1+ 29. Rxd1 Rd8 30. Rxd8+ Qxd8 31. Qg3 g4 32. Bd4 Qe8 33. Qh4 gxf3 34. gxf3 Qg6 35. Qxe7 Qg1+ 36. Kc2 Qf2+ 37. Kc1 Qe1+ 38. Kc2 Qe2+ 39. Kc1 Qe1+ 40. Kc2 Qe2+ 41. Kc1 1/2-1/2

[Event "BEL-chT 2324"]
[Site "Belgium"]
[Date "2023.10.22"]
[Round "3.3"]
[White "Matnadze, Ana"]
[Black "Jens, Jelmer"]
[Result "1-0"]
[WhiteElo "2401"]
[BlackElo "2394"]
[PlyCount "69"]
[EventDate "2023.09.24"]
[EventType "team-tourn"]
[EventRounds "11"]
[EventCountry "BEL"]
[SourceTitle "EXT 2025"]
[Source "ChessBase"]
[SourceDate "2024.10.14"]
[SourceVersion "1"]
[SourceVersionDate "2024.10.14"]
[SourceQuality "1"]
[WhiteTeam "Wachtebeke"]
[BlackTeam "Namur"]
[WhiteTeamCountry "BEL"]
[BlackTeamCountry "BEL"]

1. d4 f5 2. Nf3 Nf6 3. g3 g6 4. Bg2 Bg7 5. 0-0 0-0 6. d5 c6 7. c4 d6 8. Nd4 Bd7 9. Nc3 Qb6 10. Nc2 Na6 11. Be3 Qc7 12. Qd2 e5 13. dxe6 Bxe6 14. b3 Nc5 15. Rad1 Rad8 16. Bf4 Qb6 17. Be3 Qc7 18. Nd4 Bf7 19. Qc2 Rfe8 20. Bg5 h6 21. Bf4 Qb6 22. Bc1 d5 23. cxd5 Nxd5 24. Nxd5 Bxd5 25. Be3 Bxg2 26. Kxg2 Rd5 27. Nf3 Rxe3 28. fxe3 Ne4 29. Rxd5 cxd5 30. Qd3 Qa5 31. a4 Kh7 32. Rc1 g5 33. b4 Qxb4 34. Qxd5 Kg6 35. Qe6+ 1-0

[Event "Oberliga NRW 2223"]
[Site "Germany"]
[Date "2023.05.14"]
[Round "9.4"]
[White "Jens, Jelmer"]
[Black "Wolter, Kai"]
[Result "1/2-1/2"]
[WhiteElo "2420"]
[BlackElo "2205"]
[PlyCount "55"]
[EventDate "2022.09.11"]
[EventType "team-tourn"]
[EventRounds "9"]
[EventCountry "GER"]
[SourceTitle "EXT 2025"]
[Source "ChessBase"]
[SourceDate "2024.10.14"]
[SourceVersion "1"]
[SourceVersionDate "2024.10.14"]
[SourceQuality "1"]
[WhiteTeam "Erkenschwick"]
[BlackTeam "Muenster"]
[WhiteTeamCountry "GER"]
[BlackTeamCountry "GER"]

1. e4 c5 2. Nf3 e6 3. d4 cxd4 4. Nxd4 Nc6 5. Nc3 Qc7 6. Be3 a6 7. Qf3 Nf6 8. 0-0-0 h5 9. Nxc6 dxc6 10. Qg3 Qxg3 11. hxg3 e5 12. f3 Be6 13. g4 g6 14. Na4 Nd7 15. gxh5 gxh5 16. c4 Bh6 17. Bxh6 Rxh6 18. c5 Rd8 19. b3 Nf8 20. Rxd8+ Kxd8 21. Kd2 h4 22. Ke3 Rh7 23. Nb2 Ke7 24. Nd3 Kf6 25. Be2 Rg7 26. Rxh4 Rxg2 27. Rh8 Kg7 28. Rh1 1/2-1/2

[Event "NED-chT 2223"]
[Site "Netherlands"]
[Date "2023.02.11"]
[Round "6.10"]
[White "Jens, Jelmer"]
[Black "Kollen, Zyon"]
[Result "1-0"]
[WhiteElo "2400"]
[BlackElo "2343"]
[PlyCount "77"]
[EventDate "2022.09.17"]
[EventType "team-tourn"]
[EventRounds "9"]
[EventCountry "NED"]
[SourceTitle "CBM 213 Extra"]
[Source "ChessBase"]
[SourceDate "2023.05.31"]
[SourceVersion "1"]
[SourceVersionDate "2023.05.31"]
[SourceQuality "1"]
[WhiteTeam "Leiden LSG"]
[BlackTeam "Charlois Europoort"]
[WhiteTeamCountry "NED"]
[BlackTeamCountry "NED"]

1. e4 e6 2. d4 d5 3. Nd2 c5 4. exd5 Qxd5 5. Ngf3 cxd4 6. Bc4 Qd6 7. Qe2 Nf6 8. Nb3 Nc6 9. Bg5 Qb4+ 10. Bd2 Qb6 11. 0-0-0 Be7 12. Bg5 h6 13. Bh4 Bd7 14. Nbxd4 0-0 15. Nxc6 Bxc6 16. Ne5 Qc7 17. Kb1 Rad8 18. Bg3 Rxd1+ 19. Rxd1 Rd8 20. Nxf7 Rxd1+ 21. Qxd1 Qc8 22. Nd6 Qd7 23. Qe2 Nd5 24. Ne4 b5 25. Bb3 a5 26. a3 a4 27. Ba2 Bf6 28. Nc5 Qe7 29. Qxe6+ Qxe6 30. Nxe6 Kh7 31. Kc1 b4 32. Nf8+ Kh8 33. Bxd5 bxa3 34. Ba2 axb2+ 35. Kb1 Bxg2 36. Ng6+ Kh7 37. Nf8+ Kh8 38. Be5 Bh4 39. Ng6+ 1-0

[Event "Oberliga NRW 2223"]
[Site "Germany"]
[Date "2022.10.16"]
[Round "3.2"]
[White "Zolfagharian, Kevin"]
[Black "Jens, Jelmer"]
[Result "1-0"]
[WhiteElo "2249"]
[BlackElo "2420"]
[PlyCount "105"]
[EventDate "2022.09.11"]
[EventType "team-tourn"]
[EventRounds "9"]
[EventCountry "GER"]
[SourceTitle "EXT 2025"]
[Source "ChessBase"]
[SourceDate "2024.10.14"]
[SourceVersion "1"]
[SourceVersionDate "2024.10.14"]
[SourceQuality "1"]
[WhiteTeam "Solingen III"]
[BlackTeam "Erkenschwick"]
[WhiteTeamCountry "GER"]
[BlackTeamCountry "GER"]

1. e4 c5 2. Nf3 d6 3. d4 cxd4 4. Nxd4 Nf6 5. Nc3 Nc6 6. Bg5 e6 7. Qd2 a6 8. 0-0-0 Bd7 9. f4 Be7 10. Nf3 b5 11. e5 b4 12. exf6 bxc3 13. Qxc3 gxf6 14. Kb1 d5 15. Bh4 Rb8 16. f5 Rg8 17. g3 Rg4 18. fxe6 fxe6 19. h3 Rgb4 20. b3 a5 21. Qd3 Re4 22. Qd2 Nb4 23. Bd3 Nxd3 24. cxd3 Reb4 25. Qh6 e5 26. Qh5+ Kf8 27. Ng5 fxg5 28. Rhf1+ Kg8 29. Rf7 Bf5 30. Rxf5 Qc8 31. Rf2 Qe8 32. Qf3 Rd8 33. Qf5 gxh4 34. Qe6+ Kh8 35. Qxe5+ Kg8 36. Qe6+ Kh8 37. Rf7 Rb6 38. Qf5 Rg6 39. Re1 hxg3 40. Rexe7 Qxe7 41. Rxe7 g2 42. Re1 g1Q 43. Rxg1 Rxg1+ 44. Kb2 Rg7 45. Qf6 Re8 46. Qd4 Rd8 47. a4 Kg8 48. Qc5 Rgd7 49. Qxa5 d4 50. b4 Rc8 51. Qe5 Kf7 52. b5 Rc3 53. a5 1-0

[Event "EU-Cup 37th"]
[Site "Mayrhofen"]
[Date "2022.10.09"]
[Round "7.2"]
[White "Jens, Jelmer"]
[Black "Erenberg, Ariel"]
[Result "0-1"]
[WhiteElo "2410"]
[BlackElo "2516"]
[PlyCount "106"]
[EventDate "2022.10.03"]
[EventType "team-swiss"]
[EventRounds "7"]
[EventCountry "AUT"]
[SourceTitle "CBM 210 Extra"]
[Source "ChessBase"]
[SourceDate "2022.11.30"]
[SourceVersion "1"]
[SourceVersionDate "2022.11.30"]
[SourceQuality "1"]
[WhiteTeam "Leiden LSG"]
[BlackTeam "Kfar Saba"]
[WhiteTeamCountry "NED"]
[BlackTeamCountry "ISR"]

1. e4 c6 2. Nf3 d5 3. Nc3 dxe4 4. Nxe4 Nf6 5. Qe2 Nxe4 6. Qxe4 Nd7 7. Bc4 Nf6 8. Ne5 e6 9. Qe2 b5 10. Bb3 Qc7 11. 0-0 Bd6 12. d4 0-0 13. Bf4 c5 14. dxc5 Qxc5 15. Rad1 Bb7 16. Nd7 Nxd7 17. Bxd6 Qc6 18. f3 Rfd8 19. Qf2 a5 20. c3 Nf8 21. Qg3 b4 22. h4 bxc3 23. Be5 Ng6 24. Bxc3 a4 25. Bc2 a3 26. Bb3 axb2 27. Bxb2 Qc5+ 28. Kh2 Qh5 29. Kh3 Bd5 30. Qg5 Qxg5 31. hxg5 Rdb8 32. Bxd5 Nf4+ 33. Kg3 Nxd5 34. Be5 Rb4 35. Rf2 f6 36. gxf6 gxf6 37. Bd6 Rba4 38. a3 Kf7 39. Rd3 R8a6 40. Bc5 Rc6 41. Bd4 Rcc4 42. Bb2 h5 43. Rfd2 h4+ 44. Kf2 Kg6 45. Rb3 Nf4 46. Rb8 Kf5 47. Rb5+ e5 48. Rb6 Ra7 49. g3 hxg3+ 50. Kxg3 Rh7 51. Kf2 Rh1 52. Rb4 Rh2+ 53. Ke3 Rc2 0-1

[Event "NED-chT 2122"]
[Site "Netherlands"]
[Date "2021.11.27"]
[Round "4.5"]
[White "Fedorchuk, Sergey A"]
[Black "Jens, Jelmer"]
[Result "1-0"]
[WhiteElo "2608"]
[BlackElo "2415"]
[PlyCount "53"]
[EventDate "2021.09.18"]
[EventType "team-tourn"]
[EventRounds "9"]
[EventCountry "NED"]
[SourceTitle "EXT 2023"]
[Source "ChessBase"]
[SourceDate "2022.10.05"]
[SourceVersion "1"]
[SourceVersionDate "2022.10.05"]
[SourceQuality "1"]
[WhiteTeam "En Passant"]
[BlackTeam "Leiden LSG"]
[WhiteTeamCountry "NED"]
[BlackTeamCountry "NED"]

1. e4 c5 2. Nf3 d6 3. d4 cxd4 4. Nxd4 Nf6 5. Nc3 Nc6 6. Bg5 e6 7. Qd2 a6 8. 0-0-0 Bd7 9. f4 Be7 10. Nf3 b5 11. Bxf6 gxf6 12. Kb1 b4 13. Ne2 h5 14. f5 e5 15. Nc1 Qb6 16. Bc4 Na5 17. Bd5 Rc8 18. b3 Bf8 19. Nd3 Rb8 20. Qe1 Ke7 21. Qh4 Bh6 22. Bxf7 Kxf7 23. Ndxe5+ fxe5 24. Nxe5+ dxe5 25. Rxd7+ Kg8 26. Qg3+ Kf8 27. Qxe5 1-0

[Event "NED-chT 2122"]
[Site "Netherlands"]
[Date "2021.09.18"]
[Round "1.6"]
[White "Suvorov, Luca"]
[Black "Jens, Jelmer"]
[Result "1/2-1/2"]
[WhiteElo "2280"]
[BlackElo "2415"]
[PlyCount "52"]
[EventDate "2021.09.18"]
[EventType "team-tourn"]
[EventRounds "9"]
[EventCountry "NED"]
[SourceTitle "EXT 2023"]
[Source "ChessBase"]
[SourceDate "2022.10.05"]
[SourceVersion "1"]
[SourceVersionDate "2022.10.05"]
[SourceQuality "1"]
[WhiteTeam "Zuid Limburg"]
[BlackTeam "Leiden LSG"]
[WhiteTeamCountry "NED"]
[BlackTeamCountry "NED"]

1. d4 f5 2. Bg5 g6 3. Nc3 Bg7 4. e3 d6 5. Bc4 Nc6 6. Qe2 h6 7. Bh4 Nf6 8. 0-0-0 g5 9. Bg3 a6 10. e4 fxe4 11. Nxe4 d5 12. Nxf6+ Bxf6 13. Qh5+ Kf8 14. Bd3 Nxd4 15. Nf3 Nxf3 16. Qxf3 Kg7 17. Rhe1 c6 18. Be5 Bd7 19. Re2 Qf8 20. Qg3 Re8 21. Rde1 Bxe5 22. Qxe5+ Qf6 23. Qc7 Qf4+ 24. Qxf4 gxf4 25. Rxe7+ Kf6 26. Rxe8 Bxe8 1/2-1/2

[Event "GER CupT 1920 prel6"]
[Site "Erkenschwick"]
[Date "2020.01.12"]
[Round "2.1"]
[White "Ivanisevic, Ivan"]
[Black "Jens, Jelmer"]
[Result "1-0"]
[WhiteElo "2618"]
[BlackElo "2413"]
[PlyCount "55"]
[EventDate "2020.01.11"]
[EventType "team-k.o."]
[EventRounds "2"]
[EventCountry "GER"]
[SourceTitle "EXT 2021"]
[Source "ChessBase"]
[SourceDate "2020.10.23"]
[SourceVersion "1"]
[SourceVersionDate "2020.10.23"]
[SourceQuality "1"]
[WhiteTeam "Erkenschwick"]
[BlackTeam "Lingen"]
[WhiteTeamCountry "GER"]
[BlackTeamCountry "GER"]

1. c4 f5 2. d4 Nf6 3. Nc3 d6 4. Bg5 Nbd7 5. Qc2 g6 6. 0-0-0 Bg7 7. Nh3 c6 8. Nf4 Nf8 9. e3 Qa5 10. h4 h6 11. Bxf6 Bxf6 12. h5 g5 13. Ng6 Rh7 14. Bd3 Rf7 15. Kb1 Bd7 16. Ne2 0-0-0 17. Nc1 Bg7 18. c5 Nxg6 19. hxg6 Rf6 20. Ne2 dxc5 21. dxc5 e5 22. Ng3 e4 23. Bc4 Rxg6 24. Nh5 Qxc5 25. Bf7 Qxc2+ 26. Kxc2 Rf6 27. Nxf6 Bxf6 28. Rxh6 1-0

[Event "NED-chT 1920"]
[Site "Netherlands"]
[Date "2019.12.14"]
[Round "4.4"]
[White "Jens, Jelmer"]
[Black "Lammens, Tim"]
[Result "1/2-1/2"]
[WhiteElo "2413"]
[BlackElo "2248"]
[PlyCount "48"]
[EventDate "2019.09.28"]
[EventType "team-tourn"]
[EventRounds "9"]
[EventCountry "NED"]
[SourceTitle "EXT 2022"]
[Source "ChessBase"]
[SourceDate "2021.10.06"]
[SourceVersion "1"]
[SourceVersionDate "2021.10.06"]
[SourceQuality "1"]
[WhiteTeam "Leiden LSG"]
[BlackTeam "Apeldoorn MuConsult"]
[WhiteTeamCountry "NED"]
[BlackTeamCountry "NED"]

1. e4 c6 2. Nf3 d5 3. Nc3 dxe4 4. Nxe4 Nf6 5. Nxf6+ exf6 6. d4 Bd6 7. Be2 0-0 8. 0-0 Re8 9. a4 Bg4 10. Re1 Na6 11. h3 Be6 12. c3 Qd7 13. Bf1 Nc7 14. Nd2 f5 15. Nc4 Bf8 16. a5 Rad8 17. b4 f6 18. Qd3 g5 19. Bd2 f4 20. h4 Bf5 21. Qf3 Bg4 22. Qd3 Bf5 23. Qf3 Bg4 24. Qd3 Bf5 1/2-1/2

[Event "Oberliga NRW 1819"]
[Site "Germany"]
[Date "2019.04.14"]
[Round "8.1"]
[White "Van den Doel, Erik"]
[Black "Jens, Jelmer"]
[Result "1-0"]
[WhiteElo "2604"]
[BlackElo "2437"]
[PlyCount "59"]
[EventDate "2018.09.16"]
[EventType "team-tourn"]
[EventRounds "9"]
[EventCountry "GER"]
[SourceTitle "EXT 2020"]
[Source "ChessBase"]
[SourceDate "2019.10.17"]
[SourceVersion "1"]
[SourceVersionDate "2019.10.17"]
[SourceQuality "1"]
[WhiteTeam "Koeln Porz"]
[BlackTeam "Erkenschwick"]
[WhiteTeamCountry "GER"]
[BlackTeamCountry "GER"]

1. d4 f5 2. Nc3 Nf6 3. Bg5 d5 4. e3 Be6 5. Nf3 Nbd7 6. Bd3 g6 7. 0-0 Bg7 8. Ne2 0-0 9. Rc1 Bf7 10. c4 e6 11. Qb3 Rb8 12. Ne5 Qe8 13. Bf4 Nxe5 14. Bxe5 Qd7 15. Nc3 Ne4 16. Bxg7 Kxg7 17. Bxe4 fxe4 18. Qa4 c6 19. Qxa7 g5 20. f4 exf3 21. Rxf3 Bh5 22. Rxf8 Rxf8 23. Rf1 Rxf1+ 24. Kxf1 Bg6 25. Kg1 Bd3 26. cxd5 Qf7 27. h3 g4 28. dxe6 Qc7 29. d5 c5 30. Qa4 1-0

[Event "EU-Cup 34th"]
[Site "Porto Carras"]
[Date "2018.10.17"]
[Round "6.2"]
[White "Popovic, Milan S"]
[Black "Jens, Jelmer"]
[Result "1/2-1/2"]
[WhiteElo "2309"]
[BlackElo "2435"]
[PlyCount "62"]
[EventDate "2018.10.12"]
[EventType "team-swiss"]
[EventRounds "7"]
[EventCountry "GRE"]
[SourceTitle "CBM 187"]
[Source "ChessBase"]
[SourceDate "2018.12.11"]
[SourceVersion "1"]
[SourceVersionDate "2018.12.11"]
[SourceQuality "1"]
[WhiteTeam "Partizan"]
[BlackTeam "Leiden LSG"]
[WhiteTeamCountry "SRB"]
[BlackTeamCountry "NED"]

1. e4 e5 2. Nf3 Nc6 3. Nc3 Nf6 4. Bb5 Bd6 5. a3 a6 6. Bc4 Bc5 7. d3 d6 8. Nd5 Nxd5 9. Bxd5 Be6 10. Bxe6 fxe6 11. Be3 Bxe3 12. fxe3 d5 13. 0-0 0-0 14. Qe2 Qd6 15. Rf2 Qe7 16. Raf1 Rad8 17. Nd2 Rxf2 18. Qxf2 a5 19. exd5 exd5 20. d4 h6 21. c3 exd4 22. exd4 Re8 23. a4 Qe3 24. Qxe3 Rxe3 25. Kf2 Re8 26. Nf3 b6 27. Re1 Rxe1 28. Nxe1 Kf7 29. Kf3 Kf6 30. Nd3 Kf5 31. g4+ Kf6 1/2-1/2

[Event "EU-Cup 34th"]
[Site "Porto Carras"]
[Date "2018.10.15"]
[Round "4.2"]
[White "Jens, Jelmer"]
[Black "Ivic, Velimir"]
[Result "0-1"]
[WhiteElo "2435"]
[BlackElo "2487"]
[PlyCount "100"]
[EventDate "2018.10.12"]
[EventType "team-swiss"]
[EventRounds "7"]
[EventCountry "GRE"]
[SourceTitle "CBM 187"]
[Source "ChessBase"]
[SourceDate "2018.12.11"]
[SourceVersion "1"]
[SourceVersionDate "2018.12.11"]
[SourceQuality "1"]
[WhiteTeam "Leiden LSG"]
[BlackTeam "Itaka"]
[WhiteTeamCountry "NED"]
[BlackTeamCountry "SRB"]

1. e4 c5 2. Nf3 d6 3. d4 cxd4 4. Nxd4 Nf6 5. Nc3 a6 6. Bg5 e6 7. f4 h6 8. Bh4 Be7 9. Qf3 Nc6 10. 0-0-0 Nxd4 11. Rxd4 Qb6 12. Rd1 Bd7 13. g4 Bc6 14. Bf2 Qa5 15. Bd3 b5 16. g5 hxg5 17. fxg5 Nd7 18. g6 fxg6 19. Qg4 b4 20. Qxg6+ Kd8 21. Ne2 Qg5+ 22. Qxg5 Bxg5+ 23. Kb1 Ne5 24. Nd4 Bd7 25. Bg3 Ke7 26. Be2 Rhf8 27. Nf3 Bf6 28. Rxd6 Kxd6 29. Nxe5 Bxe5 30. Rd1+ Ke7 31. Bxe5 Rf2 32. Bd6+ Kf6 33. Bc4 Bb5 34. Bg3 Rg2 35. Bb3 a5 36. a4 bxa3 37. Rd6 Ra6 38. e5+ Ke7 39. bxa3 Rxd6 40. exd6+ Kd7 41. c4 Bc6 42. Kc1 Re2 43. Bc2 a4 44. Bf4 Rg2 45. Bg3 g5 46. Be5 Rf2 47. Bg3 Re2 48. Bb1 Re3 49. Kb2 Rb3+ 50. Ka2 Rc3 0-1

[Event "NED-chT 1718"]
[Site "Netherlands"]
[Date "2018.02.03"]
[Round "6.10"]
[White "Brenninkmeijer, Joris"]
[Black "Jens, Jelmer"]
[Result "0-1"]
[WhiteElo "2501"]
[BlackElo "2408"]
[PlyCount "63"]
[EventDate "2017.09.16"]
[EventType "team-tourn"]
[EventRounds "9"]
[EventCountry "NED"]
[SourceTitle "EXT 2019"]
[Source "ChessBase"]
[SourceDate "2018.10.10"]
[SourceVersion "1"]
[SourceVersionDate "2018.10.10"]
[SourceQuality "1"]
[WhiteTeam "Groningen Combinatie"]
[BlackTeam "Leiden LSG"]
[WhiteTeamCountry "NED"]
[BlackTeamCountry "NED"]

1. d4 f5 2. e4 fxe4 3. Nc3 Nf6 4. Bg5 Nc6 5. d5 Ne5 6. Qe2 c6 7. 0-0-0 Nf7 8. Bxf6 gxf6 9. Qxe4 cxd5 10. Nxd5 e6 11. f4 Bh6 12. Kb1 0-0 13. Ne3 f5 14. Qf3 Qc7 15. Ne2 b6 16. Rg1 Bb7 17. Qf2 Kh8 18. g4 fxg4 19. Rxg4 Ne5 20. Rh4 Bg7 21. Qg3 Nf3 22. Rg4 d5 23. Bg2 d4 24. Bxf3 Bxf3 25. Qxf3 dxe3 26. Qxe3 e5 27. Rh4 Rad8 28. Rc1 exf4 29. Nxf4 Qd6 30. Qe4 Bh6 31. Ne6 Rf1 32. Nf4 0-1

[Event "NED-chT 1617"]
[Site "Netherlands"]
[Date "2017.04.01"]
[Round "8.6"]
[White "Vedder, Richard"]
[Black "Jens, Jelmer"]
[Result "0-1"]
[WhiteElo "2213"]
[BlackElo "2386"]
[PlyCount "50"]
[EventDate "2016.09.17"]
[EventType "team-tourn"]
[EventRounds "9"]
[EventCountry "NED"]
[SourceTitle "EXT 2018"]
[Source "ChessBase"]
[SourceDate "2017.10.13"]
[SourceVersion "1"]
[SourceVersionDate "2017.10.13"]
[SourceQuality "1"]
[WhiteTeam "En Passant"]
[BlackTeam "Leiden LSG"]
[WhiteTeamCountry "NED"]
[BlackTeamCountry "NED"]

1. e4 e5 2. Nf3 Nc6 3. Bb5 a6 4. Ba4 Nf6 5. 0-0 Be7 6. Re1 b5 7. Bb3 d6 8. a4 Bg4 9. c3 Na5 10. Ba2 b4 11. cxb4 Nc6 12. Qb3 0-0 13. Qc3 Qd7 14. Bd5 Nxd5 15. exd5 Bxf3 16. dxc6 Bxc6 17. d4 exd4 18. Qxd4 Bf6 19. Qd1 Rfe8 20. Nc3 Qg4 21. Rxe8+ Rxe8 22. f3 Bxf3 23. Qxf3 Re1+ 24. Kf2 Bh4+ 25. g3 Rf1+ 0-1